00478 a2200157 4500010001400000020002300014035001300037037001600050082001000066100001900076245006900095260004000164270005100204300002400255500004100279 aENG-89953 a8188769088c250.00 aEN-73486 bDBAD / PUB14a174.41 aDobrin, Arthur1 aGood for business:cby Arthur Dobrinbethics in the marketplace/ aMumbaibHindi Granth Karyalayc2006 a9, Hirabaug C.P. Tank,bMumabicMumbaie400004 a155p.c22 cm (pbk) aIncludes bibliographical references